[Event "Marmotte chess  3"]
[Site "www.echecsemail.com"]
[Date "2026.01.02"]
[Round "1"]
[White "Marmotte"]
[Black "Turbo"]
[WhiteElo "1500"]
[BlackElo "1370"]
[Result "1-0"]
1.e4 e5
2.Bf1c4 Ng8f6
3.d3 d5
4.exd5 Bf8c5
5.Bc1e3 O-O
6.Be3xc5 Rf8e8
7.Bc5e3 Nf6xd5
8.Be3d2 Nd5b6
9.Bc4b3 h6
10.Nb1c3 Nb8d7
11.Ng1f3 Nd7c5
12.O-O Nc5xb3
13.axb3 Bc8g4
14.h3 Bg4e6
15.Nf3xe5 Be6c8
16.Ne5f3 Nb6d7
17.Rf1e1 Re8f8
18.Ra1a4 f6
19.Ra4e4 Nd7c5
20.Re4e2 Nc5e6
21.b4 b5
22.Nc3xb5 Bc8b7
23.Re2xe6 Bb7d5
24.Re6e7 a6
25.Nb5xc7 Bd5xf3
26.Qd1xf3 Ra8a7
27.Re7xg7 Kxg7
28.Nc7e6 { abandon }1-0

[Event "Eq:LES CHATTERBOX-Les enfants de l Atlantide :"]
[Site "www.echecsemail.com"]
[Date "2026.01.02"]
[Round "1"]
[White "Machja"]
[Black "Pitouwb"]
[WhiteElo "1720"]
[BlackElo "1720"]
[Result "1-0"]
1.d4 Ng8f6
2.c4 g6
3.Nb1c3 Bf8g7
4.Bc1f4 c6
5.Ng1f3 O-O
6.e3 d5
7.Bf1d3 Bc8g4
8.O-O  { temps }1-0

[Event "Eq:Vikings-Pirates du Mat :"]
[Site "www.echecsemail.com"]
[Date "2026.01.02"]
[Round "1"]
[White "Lecavaliernoir"]
[Black "Philou"]
[WhiteElo "1570"]
[BlackElo "1910"]
[Result "0-1"]
1.e4 e6
2.e5 d5
3.d4 c5
4.Ng1f3 Ng8e7
5.dxc5 Ne7c6
6.Bf1b5 a6
7.Bb5xc6 Nb8xc6
8.O-O Bf8xc5
9.b3 Bc8d7
10.c4 d4
11.Bc1b2 Bd7c8
12.Nb1d2 d3
13.Nd2e4 Bc5e7
14.Nf3e1 Nc6b4
15.a3 Nb4c2
16.Ne1xc2 dxc2
17.Qd1xc2 O-O
18.Ra1d1 Qd8c7
19.Rd1d3 b6
20.Rd3h3 h6
21.Ne4g3 Bc8b7
22.Ng3h5 Qc7c6
23.Qc2d3 Qc6xg2
0-1

[Event "Tournoi n27313"]
[Site "www.echecsemail.com"]
[Date "2026.01.02"]
[Round "1"]
[White "Tizi"]
[Black "Dolphine"]
[WhiteElo "1740"]
[BlackElo "1659"]
[Result "1-0"]
1.d4 d5
2.c4 c6
3.Nb1c3 dxc4
4.a4 e5
5.d5 Ng8f6
6.e4 Bf8b4
7.Bf1xc4 Nf6xe4
8.Qd1f3 cxd5
9.Bc4b5 Nb8c6
10.Bc1d2 O-O
11.Nc3xe4 dxe4
12.Qf3e2 Qd8g5
13.O-O-O Qg5xg2
14.f3 Qg2xh1
15.fxe4 Bb4xd2
16.Kxd2 Rf8d8
17.Kc2 Rd8xd1
18.Qe2xd1 Qh1xe4
19.Kc1 Bc8f5
20.Bb5xc6 Qe4xc6
21.Kd2 Ra8d8
22.Ke1 Rd8xd1
23.Kxd1 Qc6c2
24.Ke1  { temps }1-0

[Event "Tournoi n27259"]
[Site "www.echecsemail.com"]
[Date "2026.01.02"]
[Round "1"]
[White "Odemevol"]
[Black "Breton"]
[WhiteElo "1940"]
[BlackElo "1980"]
[Result "0-1"]
1.d4 d5
2.c4 dxc4
3.Ng1f3 c6
4.a4 b5
5.axb5 cxb5
6.Nb1c3 Bc8d7
7.Nf3e5 Nb8c6
8.Ne5xd7 Qd8xd7
9.Nc3xb5 e6
10.e3 Bf8b4
11.Bc1d2 Bb4xd2
12.Qd1xd2 Ng8f6
13.Bf1xc4 O-O
14.O-O Rf8d8
15.Qd2e2 a6
16.Nb5c3 Nc6b4
17.Bc4xa6 Nb4xa6
18.Ra1xa6 Ra8b8
19.Rf1b1 h6
20.b4 Rb8b7
21.b5 Qd7c7
22.Ra6c6 Qc7b8
23.b6 Nf6d7
24.Qe2b2 Rd8c8
25.Rc6xc8 Qb8xc8
26.Nc3a4 Qc8c6
27.Rb1c1 Qc6xa4
28.h3 Rb7xb6
29.Rc1c8 Kh7
30.Qb2e2 f5
31.g4 Rb6b1
32.Kg2 Qa4a1
33.gxf5 Rb1h1
{ abandon }0-1

[Event "Tournoi n27171"]
[Site "www.echecsemail.com"]
[Date "2026.01.02"]
[Round "1"]
[White "Avix59"]
[Black "Lancien57"]
[WhiteElo "1499"]
[BlackElo "1490"]
[Result "1-0"]
1.d4 d5
2.Bc1f4 Nb8c6
3.e3 Ng8f6
4.Nb1d2 e6
5.c3 Bf8e7
6.Ng1f3 a6
7.Bf1d3 Bc8d7
8.O-O h6
9.h3 b6
10.c4 dxc4
11.Bd3xc4 O-O
12.Ra1c1 b5
13.Bc4d3 Nc6a7
14.Bf4xc7 Qd8e8
15.Bc7e5 Na7c6
16.Bd3e4 Nf6xe4
17.Nd2xe4 Nc6xe5
18.Nf3xe5 f6
19.Ne5xd7 Qe8xd7
20.Qd1b3 f5
21.Ne4c5 Be7xc5
22.dxc5 Rf8c8
23.Rf1d1 Qd7e7
24.Rd1d6 Kf7
25.Qb3d3 Kf6
26.Qd3d4 Kg6
27.c6 Rc8c7
28.Rd6d7 Rc7xd7
29.cxd7 Ra8d8
30.Rc1c7 Kf7
31.f4 g6
32.g3 g5
33.Kf2 a5
34.Rc7c8 Rd8xd7
35.Qd4h8 Rd7d2
36.Ke1 Rd2xb2
37.Qh8xb2 b4
38.Qb2e5 gxf4
39.Rc8c7 Kf8
40.Qe5h8 Kf7
41.Qh8h7 Kf6
42.Qh7xe7 Ke5
43.Qe7c5 Ke4
44.Qc5d4 Kf3
45.Qd4xf4 Kg2
46.Rc7c2 Kxh3
47.Qf4h4 1-0

[Event "Eq:Mission Impossible-modesty :"]
[Site "www.echecsemail.com"]
[Date "2026.01.02"]
[Round "1"]
[White "Alizarine"]
[Black "Breitenbach"]
[WhiteElo "2530"]
[BlackElo "2270"]
[Result "1-0"]
1.e4 c6
2.Ng1f3 d5
3.Nb1c3 Bc8g4
4.h3 Bg4xf3
5.Qd1xf3 Ng8f6
6.d3 e6
7.Bf1e2 Bf8e7
8.O-O O-O
9.Qf3g3 d4
10.Nc3b1 Kh8
11.Nb1d2 c5
12.c4 Nb8c6
13.a3 e5
14.b3 Qd8d6
15.h4 g6
16.Nd2f3 Nf6h5
17.Qg3h2 Nh5f4
18.Ra1a2 f6
19.Bc1xf4 exf4
20.h5 g5
21.Qh2h3 Ra8d8
22.Nf3h2 Nc6e5
23.Rf1b1 a5
24.Be2g4 Qd6c7
25.h6 Be7d6
26.Bg4f5 Rf8g8
27.Nh2g4 Ne5xg4
28.Qh3xg4 Qc7e7
29.Kf1 b6
30.Ke2 Qe7e5
31.Rb1h1 Rd8b8
32.Bf5e6 Rg8e8
33.Be6d5 Qe5e7
34.Kf3 Re8d8
35.Qg4e6 Qe7xe6
36.Bd5xe6 Rd8e8
37.Be6d5 Re8f8
38.Kg4 Rb8e8
39.g3 Re8e7
40.gxf4 Bd6xf4
41.b4 Re7e5
42.bxc5 bxc5
43.Ra2b2 f5
44.exf5 Re5xf5
45.Bd5e4 Rf5f7
46.Rb2b5 { abandon }1-0

[Event "Défi"]
[Site "www.echecsemail.com"]
[Date "2026.01.02"]
[Round "1"]
[White "Khamis"]
[Black "Verson"]
[WhiteElo "1830"]
[BlackElo "1860"]
[Result "1/2-1/2"]
1.d4 d5
2.c4 c6
3.cxd5 cxd5
4.Ng1f3 Ng8f6
5.h3 e6
6.Bc1g5 Bf8d6
7.e3 Nb8d7
8.Bf1d3 O-O
9.O-O e5
10.dxe5 Nd7xe5
11.Bd3e2 Bc8e6
12.Nf3d4 a6
13.Nb1c3 h6
14.Bg5h4 Bd6e7
15.Nd4xe6 fxe6
16.Ra1c1 Ra8c8
17.a3 Nf6e4
18.Bh4xe7 Qd8xe7
19.Nc3xe4 dxe4
20.Qd1d4 Rc8xc1
21.Rf1xc1 Qe7f6
22.Rc1f1 Qf6f5
23.Qd4d1 Ne5d3
24.Be2xd3 exd3
25.f3 Qf5b5
26.Qd1d2 Rf8d8
27.Rf1d1 Qb5c4
28.Rd1c1 Qc4d5
29.Kf2 e5
30.e4 Qd5b5
31.Rc1c3 Qb5b6
32.Kf1 Qb6d4
33.Rc3c7 Rd8d7
34.Rc7xd7 Qd4xd7
35.Kf2 Qd7d4
36.Kf1 b5
37.g3 Qd4c4
38.Ke1 Kf7
39.Qd2c3 Ke6
40.Kd2 a5
41.Qc3xd3 Qc4xd3
42.Kxd3 g5
43.b3 h5
44.a4 Kd6
45.axb5 Kc5
46.b6 Kxb6
47.Kc4 Kc6
48.g4 hxg4
49.fxg4 Kb6
50.Kd5 Kb5
51.Kxe5 Kb4
52.Kf5 Kxb3
53.e5 a4
54.e6 a3
55.e7 a2
56.e8Q a1Q
57.Qe8b8 Kc4
58.Qb8c8 Kd5
59.Qc8b7 Kc4
60.Qb7c7 Kd5
61.Qc7d7 Kc4
{ nul }1/2-1/2

[Event "Eq:au plaisir du jeux -Fair play :"]
[Site "www.echecsemail.com"]
[Date "2026.01.02"]
[Round "1"]
[White "Carlsen10"]
[Black "Tinenfant"]
[WhiteElo "1790"]
[BlackElo "1870"]
[Result "1-0"]
1.e4 e6
2.d3 d5
3.exd5 exd5
4.d4 Ng8f6
5.Bc1g5 Bf8e7
6.h3 O-O
7.Ng1f3 h6
8.Bg5e3 Nb8d7
9.Bf1d3 c5
10.c3 a6
11.O-O Rf8e8
12.Nb1d2 b6
13.Rf1e1 Be7d6
14.Nd2f1 Bc8b7
15.Be3d2 Qd8c7
16.Re1xe8 Ra8xe8
17.Nf1e3 Nf6e4
18.Qd1c2 Ne4xd2
19.Qc2xd2 Bd6f4
20.Ra1e1 Bf4xe3
21.Re1xe3 Re8xe3
22.Qd2xe3 Nd7f6
23.Nf3e5 Kf8
24.Qe3g3 Qc7d8
25.f4 Nf6d7
26.Bd3c2 c4
27.Kh1 Nd7xe5
28.dxe5 a5
29.f5 b5
30.e6 fxe6
31.fxe6 Kg8
32.Qg3e5 Bb7c8
33.e7 Qd8e8
34.Bc2g6 Qe8xg6
35.e8Q { abandon }1-0

[Event "VIC LA GARDIOLE"]
[Site "www.echecsemail.com"]
[Date "2026.01.02"]
[Round "1"]
[White "Orosco"]
[Black "Mindthegap"]
[WhiteElo "2280"]
[BlackElo "1440"]
[Result "0-1"]
1.e4 e5
2.Ng1f3 Nb8c6
3.Nb1c3 Ng8f6
4.d4 exd4
5.Nf3xd4 Bf8b4
6.Nd4xc6 bxc6
7.Bc1g5 h6
8.Bg5xf6 Qd8xf6
9.Qd1d2 O-O
10.a3 Bb4d6
11.O-O-O Bd6f4
12.f3 Bf4xd2
13.Rd1xd2 d6
14.Kb1 Ra8b8
15.Bf1e2 Qf6xc3
16.Rd2d3 Qc3xb2
0-1

[Event "Défi"]
[Site "www.echecsemail.com"]
[Date "2026.01.02"]
[Round "1"]
[White "Snarf"]
[Black "Intrigue"]
[WhiteElo "1720"]
[BlackElo "1720"]
[Result "0-1"]
1.e4 c5
2.a3 Nb8c6
3.Bf1c4 e6
4.d3 d5
5.exd5 exd5
6.Bc4a2 Ng8f6
7.h3 Bc8f5
8.Ng1f3 Bf8d6
9.Bc1g5 O-O
10.g4 Rf8e8
11.Kf1 Bf5g6
12.Nf3h4 Re8e5
13.Nh4f5 Bg6xf5
14.Bg5xf6 gxf6
15.gxf5 Kh8
16.Qd1f3 Nc6d4
17.Qf3d1 Re5xf5
18.Nb1c3 Bd6g3
19.Qd1d2 Rf5xf2
20.Qd2xf2 Bg3xf2
21.Kxf2 Nd4xc2
22.Ra1g1 Qd8d6
23.Nc3xd5 Nc2d4
24.Rg1g4 Ra8e8
25.Rg4e4 Re8xe4
26.dxe4 b5
27.Kg2 c4
28.Rh1f1 Qd6e5
29.Ba2b1 f5
30.Rf1xf5 Nd4xf5
31.exf5 Qe5xd5
{ abandon }0-1

[Event "Tournoi n27344"]
[Site "www.echecsemail.com"]
[Date "2026.01.02"]
[Round "1"]
[White "Vvvv"]
[Black "Verson"]
[WhiteElo "1710"]
[BlackElo "1870"]
[Result "0-1"]
1.e4 e6
2.d4 d5
3.Nb1d2 dxe4
4.Nd2xe4 Nb8d7
5.Ng1f3 Ng8f6
6.Qd1d3 b6
7.Bc1g5 Bc8b7
8.O-O-O Bf8e7
9.Rd1e1 O-O
10.Nf3d2 h6
11.Bg5h4 Nf6xe4
12.Bh4xe7 Qd8xe7
13.Nd2xe4 Nd7f6
14.f3 Nf6xe4
15.fxe4 c5
16.g3 cxd4
17.Bf1g2 e5
18.Rh1f1 a5
19.Re1e2 Bb7a6
{ abandon }0-1

[Event "Défi( 10J+24H/c 10J Max )"]
[Site "www.echecsemail.com"]
[Date "2026.01.02"]
[Round "1"]
[White "Manulatus"]
[Black "Tunnellavage"]
[WhiteElo "1930"]
[BlackElo "1780"]
[Result "1-0"]
1.c4 e5
2.Nb1c3 Nb8c6
3.g3 Ng8f6
4.Bf1g2 Bf8c5
5.e3 d6
6.Ng1e2 Bc8f5
7.d4 exd4
8.exd4 Bc5b4
9.O-O O-O
10.a3 Bb4xc3
11.Ne2xc3 Ra8b8
12.b4 a6
13.Bc1g5 h6
14.Bg5xf6 Qd8xf6
15.Nc3e4 Qf6g6
16.Ne4c3 Bf5d3
17.Rf1e1 Bd3xc4
18.Ra1c1 b5
19.Bg2xc6 { abandon }1-0

[Event "Marmotte chess  3"]
[Site "www.echecsemail.com"]
[Date "2026.01.02"]
[Round "1"]
[White "Turbo"]
[Black "Marmotte"]
[WhiteElo "1370"]
[BlackElo "1500"]
[Result "0-1"]
1.e4 e5
2.Ng1f3 d6
3.Bf1c4 Bc8e6
4.Bc4d3 Ng8f6
5.O-O Bf8e7
6.h3 O-O
7.a3 Nb8d7
8.g4 a6
9.c4 c6
10.Bd3c2 Rf8e8
11.d4 Be6xc4
12.Rf1e1 Bc4e6
13.d5 cxd5
14.exd5 Nf6xd5
15.Qd1d3 g6
16.h4 Nd7c5
17.Nf3h2 Nc5xd3
18.Bc2xd3 Qd8b6
19.Nb1c3 Be7xh4
20.Re1e2 Nd5xc3
21.bxc3 Ra8c8
22.Bc1e3 Qb6c7
23.Be3h6 Qc7xc3
24.Re2e3 Qc3xa1
25.Nh2f1 Be6xg4
26.Kg2 Qa1b2
27.Nf1g3 f5
28.Bd3e2 Bh4xg3
29.Be2xg4 Qb2xf2
{ abandon }0-1

[Event "Tournoi n27313"]
[Site "www.echecsemail.com"]
[Date "2026.01.02"]
[Round "1"]
[White "Verson"]
[Black "Vvvv"]
[WhiteElo "1860"]
[BlackElo "1780"]
[Result "1-0"]
1.d4 Ng8f6
2.Ng1f3 d5
3.e3 g6
4.Bf1d3 Bf8g7
5.Nb1d2 O-O
6.O-O Nb8d7
7.c3 c5
8.e4 c4
9.Bd3c2 e6
10.e5 Nf6e8
11.Rf1e1 b5
12.Nd2f1 f6
13.exf6 Nd7xf6
14.Bc1g5 Qd8c7
15.Qd1d2 Nf6g4
16.h3 Ng4f6
17.Bg5f4 Ne8d6
18.Bf4h6 Rf8e8
19.Nf3e5 Nd6f5
20.Bc2xf5 exf5
21.Bh6xg7 Kxg7
22.Ne5f3 Nf6e4
23.Qd2c2 a5
24.Nf1d2 Bc8b7
25.Nf3e5 Re8e6
26.Nd2f1 Ra8e8
27.f3 Ne4g5
28.Qc2d2 h6
29.f4 Ng5e4
30.Qd2e3 Qc7e7
31.Nf1g3 Qe7h4
32.Kh2 Bb7c8
33.Ng3xe4 dxe4
34.g3 Qh4e7
35.Ra1d1 Re8d8
36.g4 Re6f6
37.Re1g1 Rf6a6
38.gxf5 Bc8xf5
39.Rg1g3 Rd8d6
40.Qe3f2 Kf8
41.Rd1g1 Ke8
42.Qf2g2 Qe7f6
43.Ne5g4 Bf5xg4
44.Rg3xg4 Kf7
45.Qg2xe4 b4
46.Qe4b7 Kf8
47.Qb7c8 Kf7
48.Qc8xc4 Kf8
49.Qc4c5 Ke8
50.Rg1e1 Kd7
51.Qc5b5 Ra6c6
52.Qb5b7 Rc6c7
53.Qb7b8 Rd6xd4
54.Qb8e8 Kd6
55.cxd4 Rc7c2
56.Re1e2 Rc2xe2
57.Qe8xe2 Qf6xd4
58.Qe2e5 { abandon }1-0

[Event "Défi"]
[Site "www.echecsemail.com"]
[Date "2026.01.02"]
[Round "1"]
[White "Fr7d"]
[Black "Speedyfil"]
[WhiteElo "1640"]
[BlackElo "1420"]
[Result "1-0"]
1.e4 d5
2.d3 dxe4
3.d4 Ng8f6
4.Nb1c3 e6
5.f3 Nb8c6
6.Bc1e3 Bf8d6
7.fxe4 O-O
8.Ng1f3 h6
9.Qd1d2 b6
10.e5 Bd6b4
11.Bf1d3 Bc8b7
12.a3 Bb4e7
13.O-O a6
14.Nc3e2 Nf6h7
15.c4 f5
16.Ne2f4 Qd8d7
17.Ra1d1 Nc6d8
18.Nf4g6 Rf8f7
19.Ng6f4 Be7g5
20.Nf3xg5 hxg5
21.Nf4e2 Qd7c6
22.Ne2g3 f4
23.Rf1f3 fxe3
24.Qd2xe3 Qc6d7
25.Rf3f2 Qd7c6
26.Rd1f1 Qc6d7
27.Bd3g6 Rf7xf2
28.Qe3xf2 Nd8c6
29.Qf2c2 Nh7f8
30.Ng3e2 Nc6e7
31.Bg6h5 Ne7f5
32.Qc2d2 Nf8h7
33.Bh5f3 Ra8b8
34.d5 exd5
35.cxd5 Rb8e8
36.e6 Qd7b5
37.Ne2c3 Qb5a5
38.b4 Qa5xa3
39.Rf1e1 Nf5d6
40.Nc3e4 Nd6c4
41.Qd2d4 Nc4d6
42.Ne4xd6 cxd6
43.Qd4xb6 Bb7c8
44.Qb6xd6 Qa3c3
45.e7 Qc3d4
46.Kh1 Qd4f2
47.Qd6e5 Kf7
48.d6 Nh7f6
49.Re1d1 Nf6d7
50.Qe5f5 Nd7f6
51.Qf5xg5 Re8h8
52.Bf3d5 Ke8
53.Qg5xg7 Qf2e2
54.Qg7xh8 Kd7
55.Bd5f3 Qe2c2
56.Qh8xf6 Qc2b3
57.e8Q { abandon }1-0

[Event "Eq:Les Rois du Succes-les modestes :"]
[Site "www.echecsemail.com"]
[Date "2026.01.02"]
[Round "1"]
[White "Berniz"]
[Black "Rons"]
[WhiteElo "2160"]
[BlackElo "2600"]
[Result "1/2-1/2"]
1.e4 c5
2.Ng1f3 d6
3.d4 cxd4
4.Nf3xd4 Ng8f6
5.Nb1c3 a6
6.Bc1e3 Nf6g4
7.Be3c1 Ng4f6
8.Bc1e3 Nf6g4
9.Be3c1 Ng4f6
10.Bc1e3 1/2-1/2

[Event "Tournoi n27332"]
[Site "www.echecsemail.com"]
[Date "2026.01.02"]
[Round "1"]
[White "Kaspalex"]
[Black "Blackrider"]
[WhiteElo "1910"]
[BlackElo "1710"]
[Result "1-0"]
1.e4 e6
2.d4 d6
3.Ng1f3 h6
4.Nb1c3 a6
5.Bf1d3 g6
6.Bc1e3 Bf8g7
7.Qd1d2 Ng8e7
8.O-O O-O
9.Be3xh6 Kh8
10.Bh6g5 Qd8e8
11.e5 Ne7g8
12.Qd2f4 d5
13.Qf4h4 Ng8h6
14.Bg5xh6 Bg7xh6
15.Qh4xh6 Kg8
16.Nf3g5 { abandon }1-0

[Event "Défi( 10J+24H/c 10J Max )"]
[Site "www.echecsemail.com"]
[Date "2026.01.02"]
[Round "1"]
[White "Berjay"]
[Black "Picasso"]
[WhiteElo "1710"]
[BlackElo "2100"]
[Result "0-1"]
1.e4 c6
2.Bf1c4 d5
3.exd5 cxd5
4.Bc4b5 Nb8c6
5.Ng1f3 Ng8f6
6.d4 Bc8g4
7.Nb1d2 e6
8.c3 Bf8d6
9.Qd1a4 Qd8c7
10.O-O O-O
11.Nf3g5 Bd6xh2
12.Kh1 Bh2f4
13.Ng5f3 a6
14.Bb5d3 e5
15.b3 e4
16.Bc1a3 Rf8e8
17.b4 exd3
18.Ra1d1 Nf6e4
19.Qa4b3 Ne4xd2
20.Rd1xd2 Bg4xf3
21.gxf3 Qc7d6
22.Rf1g1 Qd6h6
23.Kg2 Qh6h2
24.Kf1 Re8e1
25.Kxe1 Qh2xg1
0-1

[Event "Défi"]
[Site "www.echecsemail.com"]
[Date "2026.01.02"]
[Round "1"]
[White "Marcrode"]
[Black "Herakles"]
[WhiteElo "1360"]
[BlackElo "2100"]
[Result "0-1"]
1.b3 d5
2.e3 Ng8f6
3.d4 e6
4.Bc1a3 Bf8xa3
5.Nb1xa3 c5
6.dxc5 Qd8a5
7.Qd1d2 Qa5xa3
8.Bf1b5 Nb8c6
9.Bb5xc6 bxc6
10.Qd2c3 O-O
11.f3 Ra8b8
12.Ng1e2 Rb8b5
13.b4 Qa3a4
14.Qc3b3 Rb5xb4
15.Qb3xa4 Rb4xa4
16.Ne2d4 Bc8b7
17.Kf2 Nf6d7
18.Nd4b3 Ra4c4
19.Rh1c1 Nd7xc5
20.Nb3xc5 Rc4xc5
21.a4 Bb7a6
22.a5 Rf8b8
23.Ra1a2 Ba6c4
24.Ra2a1 Rc5b5
25.h3 g5
26.g4 Kg7
27.c3 Rb5b2
{ abandon }0-1

[Event "VIC LA GARDIOLE"]
[Site "www.echecsemail.com"]
[Date "2026.01.02"]
[Round "1"]
[White "Woluwe1975"]
[Black "Qsdmlk"]
[WhiteElo "1620"]
[BlackElo "1550"]
[Result "1-0"]
1.e4 e5
2.Ng1f3 Nb8c6
3.Nb1c3 Ng8f6
4.d4 exd4
5.Nc3d5 Bf8c5
6.Bf1d3 O-O
7.O-O d6
8.Bc1d2 Bc8g4
9.h3 Bg4h5
10.b4 Bc5b6
11.Bd2g5 a5
12.b5 Nc6e7
13.Nd5xf6 gxf6
14.Bg5xf6 Qd8d7
15.Qd1d2 Bh5g6
16.Qd2h6 Ne7f5
17.exf5 Rf8e8
18.Qh6g7 1-0

[Event "Tournoi échelle"]
[Site "www.echecsemail.com"]
[Date "2026.01.02"]
[Round "1"]
[White "Alain64"]
[Black "Eldiablo90"]
[WhiteElo "2140"]
[BlackElo "2790"]
[Result "0-1"]
1.b3 e5
2.Bc1b2 Nb8c6
3.e3 d5
4.Bf1b5 Ng8e7
5.Bb2xe5 a6
6.Bb5xc6 Ne7xc6
7.d4 Nc6xe5
8.dxe5 c6
9.Ng1f3 g5
10.h3 Bc8f5
11.c4 dxc4
12.Qd1xd8 Ra8xd8
13.bxc4 Bf5d3
14.Nb1d2 Rh8g8
15.O-O-O Bf8a3
0-1

[Event "Memorial Lara CIII"]
[Site "www.echecsemail.com"]
[Date "2026.01.02"]
[Round "1"]
[White "Orosco"]
[Black "Alain64"]
[WhiteElo "2270"]
[BlackElo "2120"]
[Result "1/2-1/2"]
1.e4 e6
2.d4 d5
3.Nb1c3 Bf8b4
4.e5 c5
5.a3 Bb4xc3
6.bxc3 Qd8c7
7.Ng1f3 Ng8e7
8.h4 b6
9.Bf1b5 Bc8d7
10.Bb5d3 c4
11.Bd3e2 Nb8c6
12.O-O h6
13.Qd1d2 O-O-O
14.a4 f5
15.Bc1a3 Bd7e8
16.Ba3d6 Qc7d7
17.a5 Nc6xa5
18.Rf1b1 Ne7c6
19.Rb1b2 Kb7
20.Kf1 Be8h5
21.Ke1 Rd8g8
22.Rb2a2 Bh5xf3
23.Be2xf3 g5
24.Ra1b1 g4
25.Bf3e2 g3
26.Be2f3 gxf2
27.Qd2xf2 Qd7g7
28.Kd2 Qg7g3
29.Qf2xg3 Rg8xg3
30.Rb1h1 Kc8
31.Ra2a1 Na5b7
32.Bd6a3 Rh8g8
33.Ba3c1 Nb7d8
34.Kd1 Nd8f7
35.Bc1f4 Rg3g7
36.Rh1g1 Kd7
37.Kd2 Ke7
38.g3 Rg8a8
39.Bf3h5 Ra8h8
40.Bf4e3 Rh8g8
41.Be3f4 Rg8h8
{ nul }1/2-1/2

[Event "pour le plaisir  NOVEMBRE 2025"]
[Site "www.echecsemail.com"]
[Date "2026.01.02"]
[Round "1"]
[White "Rachess"]
[Black "Petitlulu64"]
[WhiteElo "1610"]
[BlackElo "1720"]
[Result "1-0"]
1.e4 e5
2.Ng1f3 Nb8c6
3.d4 exd4
4.Nf3xd4 Nc6e5
5.Nb1c3 Ng8f6
6.Bc1g5 Bf8e7
7.Bf1e2 O-O
8.O-O d6
9.f4 Ne5c6
10.Nd4xc6 bxc6
11.e5 dxe5
12.fxe5 Qd8xd1
13.Ra1xd1 Be7c5
14.Kh1 Nf6d7
15.Nc3a4 Bc5b6
16.Na4xb6 Nd7xb6
17.b3 Bc8e6
18.c4 h6
19.Bg5e7 Rf8e8
20.Be7c5 Nb6d7
21.Bc5d4 c5
22.Bd4c3 a5
23.Be2f3 Be6f5
24.Bf3xa8 Bf5e6
25.Ba8c6 Re8d8
26.Bc3xa5 Kf8
27.Ba5xc7 Rd8c8
28.Bc7d6 Kg8
29.Bc6a4 Nd7xe5
30.Bd6xe5 Be6g4
31.Rd1d5 f6
32.Be5d6 Bg4e6
33.Rd5xc5 Rc8d8
34.Bd6g3 Be6f5
35.Rc5xf5 { abandon }1-0

[Event "Eq:au plaisir du jeux -Les Rois du Succes :"]
[Site "www.echecsemail.com"]
[Date "2026.01.02"]
[Round "1"]
[White "Jasmartin"]
[Black "Picasso"]
[WhiteElo "2120"]
[BlackElo "2100"]
[Result "1-0"]
1.d4 d5
2.Ng1f3 Ng8f6
3.e3 c5
4.b3 cxd4
5.Nf3xd4 e5
6.Bf1b5 Bc8d7
7.Bb5xd7 Qd8xd7
8.Nd4e2 Nb8c6
9.O-O Bf8d6
10.Bc1b2 O-O
11.Nb1d2 Ra8c8
12.c4 Nc6b4
13.cxd5 Nf6xd5
14.Nd2c4 Bd6c5
15.Nc4xe5 Qd7b5
16.Ne2g3 Bc5xe3
17.Ng3f5 Be3g5
18.Qd1g4 f6
19.Nf5d6 { abandon }1-0

[Event "Défi( 10J+24H/c 10J Max )"]
[Site "www.echecsemail.com"]
[Date "2026.01.02"]
[Round "1"]
[White "Sylvia13"]
[Black "Sam"]
[WhiteElo "1580"]
[BlackElo "1650"]
[Result "1-0"]
1.e4 Nb8c6
2.Ng1f3 e5
3.Nb1c3 Ng8f6
4.d4 exd4
5.Nf3xd4 Nc6xd4
6.Qd1xd4 b6
7.Bf1c4 Bc8b7
8.O-O Bf8c5
9.Qd4e5 Qd8e7
10.Qe5xc7 Nf6xe4
11.Qc7xb7 O-O
12.Nc3xe4 Rf8e8
13.Bc4d3 a5
14.Qb7d5 d6
15.Bc1e3 Bc5xe3
16.fxe3 Ra8c8
17.Qd5h5 Re8f8
18.Kh1 Rc8d8
19.Ne4g5 h6
20.Ng5h7 Rf8e8
21.Qh5f3 d5
22.Ra1e1 Rd8d6
23.a3 Rd6g6
24.Bd3xg6 fxg6
25.Nh7f6 gxf6
26.Qf3xd5 Kg7
27.Qd5c6 Re8d8
28.Qc6xb6 Rd8d2
29.c4 Qe7e4
30.Qb6xf6 Kh7
31.Qf6f7 Kh8
32.Qf7f8 Kh7
33.Rf1f7 1-0

[Event "Défi( 10J+24H/c 10J Max )"]
[Site "www.echecsemail.com"]
[Date "2026.01.02"]
[Round "1"]
[White "Bertelsen"]
[Black "Rons"]
[WhiteElo "1710"]
[BlackElo "2580"]
[Result "0-1"]
1.d4 Ng8f6
2.Ng1f3 d5
3.Nb1c3 g6
4.e3 Bf8g7
5.Bf1e2 O-O
6.h3 Nb8d7
7.a3 Rf8e8
8.O-O e5
9.Nf3h2 c6
10.f4 exd4
11.exd4 Qd8b6
12.Nh2f3 c5
13.Kh1 Nf6e4
14.Nc3xe4 dxe4
15.dxc5 exf3
16.Rf1xf3 Nd7xc5
17.Ra1b1 Bc8f5
18.Be2d3 Nc5xd3
19.cxd3 Qb6a6
20.b4 Ra8c8
21.g4 Bf5e6
22.Kh2 Be6d5
23.Rf3g3 Qa6d6
24.Qd1f1 Rc8c2
25.Kg1 Qd6b6
26.Bc1e3 Re8xe3
{ abandon }0-1

[Event "TRISTAN DA CUNHA"]
[Site "www.echecsemail.com"]
[Date "2026.01.02"]
[Round "1"]
[White "Petitlulu64"]
[Black "Orosco"]
[WhiteElo "1750"]
[BlackElo "2270"]
[Result "0-1"]
1.e4 e5
2.Ng1f3 Nb8c6
3.Nb1c3 Ng8f6
4.Bf1c4 Nf6xe4
5.Bc4d5 Ne4f6
6.O-O Nf6xd5
7.Nc3xd5 Bf8d6
8.d3 O-O
9.Bc1e3 b6
10.Nf3g5 f6
11.Ng5f3 Nc6e7
12.c4 Ne7xd5
13.cxd5 Bc8b7
14.Qd1b3 Qd8e7
15.Nf3h4 f5
16.Nh4f3 Qe7f7
17.Qb3a4 Qf7xd5
18.Qa4xd7 Bb7c6
19.Qd7xc6 Qd5xc6
20.Rf1c1 Qc6b5
21.b3 f4
22.Be3d2 Qb5xd3
23.Rc1c3 Qd3d5
24.Bd2e1 e4
25.Nf3d2 Bd6e5
26.Ra1c1 Be5xc3
27.Rc1d1 e3
{ abandon }0-1

[Event "Défi( 10J+36H/c 30J Max )"]
[Site "www.echecsemail.com"]
[Date "2026.01.02"]
[Round "1"]
[White "Pascalou50"]
[Black "Lilou"]
[WhiteElo "1800"]
[BlackElo "1290"]
[Result "1-0"]
1.e4 e5
2.Ng1f3 Ng8f6
3.Nf3xe5 Nf6xe4
4.Qd1e2 d5
5.d3 Bf8b4
6.c3 Bb4c5
7.dxe4 d4
8.Ne5xf7 Kxf7
9.Qe2h5 g6
10.Qh5xc5 Nb8a6
11.Qc5d5 Bc8e6
12.Qd5xd8 Ra8xd8
13.Bf1xa6 bxa6
14.Bc1g5 Rd8d6
15.e5 Rd6d5
16.f4 d3
17.Nb1d2 Rh8b8
18.b3 Rd5c5
19.c4 Be6g4
20.Kf2 a5
21.Rh1e1 Rb8e8
22.h3 Bg4d7
23.Re1e3 Bd7f5
24.g4 Bf5d7
25.Re3xd3 Bd7c6
26.Nd2f3 a4
27.Rd3d8 h6
28.Rd8xe8 Kxe8
29.Bg5xh6 Bc6e4
30.Ra1d1 Rc5c6
31.Nf3g5 Be4c2
32.Rd1c1 Bc2d3
33.Ke3 axb3
34.Kxd3 bxa2
35.Rc1a1 Rc6a6
36.f5 gxf5
37.gxf5 Ra6xh6
38.Ra1xa2 Rh6h5
39.Ng5e6 Rh5xh3
40.Kd4 Rh3h4
41.Kc5 Rh4h5
42.Ne6g7 Kf8
43.Ng7xh5 a6
44.e6 a5
45.Ra2xa5 Ke8
46.f6 Kf8
47.Ra5a8 1-0

[Event "ON THE ROAD AGAIN"]
[Site "www.echecsemail.com"]
[Date "2026.01.02"]
[Round "1"]
[White "Tartu"]
[Black "Legrillon"]
[WhiteElo "1700"]
[BlackElo "1700"]
[Result "0-1"]
1.e4 e5
2.Ng1f3 Ng8f6
3.Bf1c4 d6
4.Nb1c3 c6
5.O-O b5
6.Bc4d3 a6
7.a3 Bf8e7
8.b4 O-O
9.Bc1b2 Bc8g4
10.h3 Bg4h5
11.Bd3e2 Bh5xf3
12.Be2xf3 h6
13.d3 a5
14.Rf1e1 axb4
15.axb4 Ra8xa1
16.Bb2xa1 Rf8e8
17.d4 Qd8c7
18.dxe5 dxe5
19.Nc3e2 Be7xb4
20.Ba1c3 Bb4xc3
21.Ne2xc3 b4
22.Nc3e2 Re8d8
23.Qd1c1 Rd8d6
24.c4 c5
25.Kf1 Nb8c6
26.Re1d1 Rd6xd1
27.Qc1xd1 Nc6d4
28.Ne2xd4 exd4
29.Qd1d3 Qc7h2
30.Ke2 Qh2g1
31.e5 Nf6e8
32.Bf3c6 Ne8c7
33.Qd3g3 Qg1c1
34.Qg3d3 Qc1c3
35.Bc6a4 Qc3b2
36.Ba4c2 g6
37.h4 Nc7e6
38.Kf3 Qb2c3
39.Ke2 Ne6f4
{ abandon }0-1

[Event "Défi"]
[Site "www.echecsemail.com"]
[Date "2026.01.02"]
[Round "1"]
[White "Hberlioz"]
[Black "Tiounet"]
[WhiteElo "1690"]
[BlackElo "1650"]
[Result "1-0"]
1.e4 a6
2.d4 b5
3.Ng1f3 Bc8b7
4.Bf1d3 Ng8f6
5.Qd1e2 g6
6.e5 Nf6d5
7.Bc1d2 Bf8g7
8.Nb1c3 O-O
9.Nc3xd5 Bb7xd5
10.b3 e6
11.O-O d6
12.c4 bxc4
13.bxc4 Bd5b7
14.Ra1b1 dxe5
15.dxe5 Qd8c8
16.Rb1b3 Nb8c6
17.Bd2g5 Nc6a5
18.Rb3a3 Na5c6
19.Qe2e3 Nc6b4
20.Bd3e4 Bb7xe4
21.Qe3xe4 c5
22.Rf1e1 a5
23.Re1b1 Rf8e8
24.Bg5d2 Re8d8
25.Bd2xb4 cxb4
26.Ra3b3 Qc8c7
27.h4 Qc7c5
28.g4 Ra8c8
29.Rb1c1 Rd8d7
30.Kg2 a4
31.Rb3e3 Bg7h6
32.g5 Bh6g7
33.Nf3e1 Rd7d2
34.Ne1d3 Qc5c6
35.Nd3xb4 Qc6xe4
36.Re3xe4 Rc8c5
37.a3 Bg7xe5
38.Rc1e1 Rc5c8
39.Re4xe5 Rd2d4
40.c5 Rd4c4
41.Nb4a6 Rc4c3
42.Re1b1 Rc3xa3
43.Rb1b8 Rc8xb8
44.Na6xb8 Ra3a1
45.c6 Ra1c1
46.Re5a5 Rc1c4
47.Ra5a7 Rc4xh4
48.c7 Rh4c4
49.Nb8d7 Kg7
50.Nd7b6 Rc4xc7
51.Ra7xc7 { abandon }1-0

[Event "Défi"]
[Site "www.echecsemail.com"]
[Date "2026.01.02"]
[Round "1"]
[White "Albescab"]
[Black "Khamis"]
[WhiteElo "1660"]
[BlackElo "1830"]
[Result "0-1"]
1.e4 c5
2.Bf1c4 d6
3.d3 Ng8f6
4.Ng1f3 e6
5.O-O Nb8c6
6.Bc1g5 Bf8e7
7.Nb1c3 O-O
8.Qd1d2 Nc6a5
9.a3 Na5xc4
10.Qd2c1 Nc4b6
11.e5 Nf6g4
12.Nc3e4 dxe5
13.h3 Be7xg5
14.Ne4xg5 Ng4h6
15.Nf3xe5 f6
16.Ng5xh7 Kxh7
17.Ne5f3 Nb6d5
18.c4 Nd5e7
19.Qc1e3 b6
20.Qe3e4 f5
21.Qe4xa8 Qd8xd3
22.Qa8xa7 Nh6g8
23.Qa7xb6 Qd3xc4
24.Ra1c1 Qc4a6
25.Qb6xc5 Rf8d8
26.Nf3g5 Kg6
27.Ng5f3 Qa6d6
28.Nf3h4 Kf7
29.b4 Qd6xc5
30.Rc1xc5 Rd8d3
31.Rf1a1 Ng8f6
32.Nh4f3 Rd3b3
33.b5 Nf6e4
34.Rc5e5 Kf6
35.a4 Rb3b2
36.a5 Rb2xf2
37.b6 Rf2b2
38.a6 Rb2xb6
39.a7 Bc8b7
40.Re5a5 Bb7a8
41.Nf3d4 Ne7c6
42.Ra5a4 Nc6xd4
43.Ra4xd4 Ne4d6
44.Rd4h4 Nd6f7
45.Rh4c4 Nf7d6
46.Rc4a4 Rb6b7
47.Ra1c1 g5
48.Rc1c6 Rb7b1
49.Kh2 Ba8xc6
50.Ra4a6 Rb1c1
51.Kg3 Nd6e4
52.Kh2 Bc6a8
53.Ra6a2 f4
54.Ra2a4 Ne4g3
55.Ra4a3 Rc1h1
0-1